000 01571cam a2200373 a 4500
001 14097849
003 OSt
005 20211222150430.0
008 050906s2006 nyua 000 0 eng
010 _a 2005054551
020 _a0764133748
020 _a0764179055 (book with CD)
020 _a9780764133749
020 _a9780764179051
035 _a(OCoLC)ocm61687940
040 _aDLC
_cHU
_dYDX
_dBAKER
_dDLC
050 0 0 _aPE1128
_b.S5 2006
082 0 0 _a428.0076
_222
100 1 _aSharpe, Pamela J.
_924347
245 1 0 _aBarron's how to prepare for the TOEFL iBT :
_btest of English as a foreign language Internet-based test /
_cPamela J. Sharpe.
246 3 _aHow to prepare for the TOEFL iBT
250 _a12th ed.
260 _aHauppauge, N.Y. :
_bBarron's,
_cc2006.
300 _axiv, 812 p. :
_bill. ;
_c28 cm +
_e10 sound discs (digital ; 4 3/4 in.)
500 _aRev. ed. of: How to prepare for the TOEFL test. 11th ed. 2004.
650 0 _aEnglish language
_vTextbooks for foreign speakers.
_924348
650 0 _aTest of English as a Foreign Language
_vStudy guides.
_924349
650 0 _aEnglish language
_xExaminations
_vStudy guides.
_924350
700 1 _aSharpe, Pamela J.
_tHow to prepare for the TOEFL test.
_924351
856 4 2 _3Publisher description
_uhttp://www.loc.gov/catdir/enhancements/fy0630/2005054551-d.html
906 _a7
_bcbc
_corignew
_d1
_eocip
_f20
_gy-gencatlg
942 _2ddc
_cBOOKS
_n0
999 _c23488
_d23488